000 01093nam a2200229Ia 4500
003 Ost
005 20260507075322.0
008 260507s9999||||xx |||||||||||||| ||und||
020 _a1048438977
040 _cfsecg
041 _aara
082 _a658.8
100 _aالصيرفي، محمد
_eمؤلف
245 0 _aالتسويق الاستراتيجي /
_c محمد الصيرفي
260 _aالاسكندرية:
_bالمكتب الجامعي الجديد,
_c2009
300 _a496 صفحة؛
_bإيضاحات ؛
_c25 سم
504 _aببليوغرافيا: ص.484
520 _aالإستراتيجية أهميتها ومستوياتها، التخطيط و التخطيط الاستراتيجي للتسويق و الفرص التسويقية، تحديد الميزة التنافسية، البيئة التسويقية، خطوات اعداد الخطة الاستراتيجية، استراتيجيات المزيج التسويقي و استراتيجيات الأسواق
653 _aأدارة المبيعات
653 _aالتسويق
942 _cكتاب
999 _c43936
_d43936